000 00403nam a2200157Ia 4500
008 210716s2004 xx 000 0 und d
020 _a195107233
041 _aeng
082 _a621.384 COMD
100 _aComer, David J.
245 _aDigital logic and state machine design.
250 _a3
260 _aNew Delhi
_bOxford University Press
_c2004
300 _axv,573
650 _aDigital Systems
999 _c187353
_d187353